An assesment of property performance forecasts: consensus versus econometric (Record no. 77603)
[ view plain ]
| 000 -LEADER | |
|---|---|
| fixed length control field | 01250cab a2200193 4500 |
| 001 - CONTROL NUMBER | |
| control field | ##L134635 |
| 008 - FIXED-LENGTH DATA ELEMENTS--GENERAL INFORMATION | |
| fixed length control field | 060821n2006 000 0 eng u |
| 035 ## - SYSTEM CONTROL NUMBER | |
| System control number | (Sirsi) u134635 |
| 041 0# - LANGUAGE CODE | |
| Language code of text/sound track or separate title | eng |
| 100 1# - MAIN ENTRY--PERSONAL NAME | |
| Personal name | Tsolacos, Sotiris |
| 245 03 - TITLE STATEMENT | |
| Title | An assesment of property performance forecasts: consensus versus econometric |
| 260 ## - PUBLICATION, DISTRIBUTION, ETC. | |
| Date of publication, distribution, etc. | 2006 |
| 490 #0 - SERIES STATEMENT | |
| Series statement | Journal of Property Investment and Finance |
| Volume/sequential designation | 24(5) 2006, 386-399(14) |
| 520 ## - SUMMARY, ETC. | |
| Summary, etc. | An examination of the accuracy of various types of property forecasts, focusing on an evaluation of the IPF Consensus Forecast Survey. The evaluation of such forecasts is discussed in general terms, and the IPF forecasts are then compared with forecasts based on econometric models (real time forecasts). The author concludes that for rents, over a one year forecast horizon, the IPF consensus forecasts outperform the other models examined. However, for total return forecasts and where the forecast horizon lengthens to two years, regression models and a combination of the statistical models are more accurate than the consensus forecast. |
| 590 ## - LOCAL NOTE (RLIN) | |
| Local note | IKA210806 |
| 651 #4 - SUBJECT ADDED ENTRY--GEOGRAPHIC NAME | |
| Geographic name | United Kingdom |
| Chronological subdivision | |
| 690 ## - LOCAL SUBJECT ADDED ENTRY--TOPICAL TERM (OCLC, RLIN) | |
| Topical term or geographic name as entry element | PROPERTY-PROPERTY FINANCE AND INVESTMENT-PROPERTY INVESTMENT PERFORMANCE MEASUREMENT |
| 942 ## - ADDED ENTRY ELEMENTS (KOHA) | |
| Suppress in OPAC | 0 |
| Withdrawn status | Lost status | Source of classification or shelving scheme | Damaged status | Not for loan | Home library | Current library | Shelving location | Date acquired | Total Checkouts | Full call number | Barcode | Date last seen | Copy number | Price effective from | Koha item type |
|---|---|---|---|---|---|---|---|---|---|---|---|---|---|---|---|
| Dewey Decimal Classification | London | London | Journal article | 21/08/2006 | L134635 | 134635-1001 | 06/08/2019 | 1 | 06/08/2019 | Journal article |